000 00299nam a2200121Ia 4500
999 _c5999
_d5999
003 OSt
008 201027b ||||| |||| 00| 0 eng d
100 _aROGERS, David F.
245 _aMathematical Elements for Computer Graphics
260 _a N.Delhi
_bTMH
_c2012
300 _a611.
942 _2ddc
_cBK